| 000 | 01100cam a22003373a 4500 | ||
|---|---|---|---|
| 001 | 14881 | ||
| 003 | PGUSA | ||
| 005 | 20140828083322.0 | ||
| 008 | 050202s2005||||xxu|||||s|||||000 1 eng d | ||
| 040 |
_aPGUSA _beng |
||
| 042 | _adc | ||
| 050 | 4 | _aPS | |
| 050 | 4 | _aPZ | |
| 100 | 1 |
_aButterworth, Hezekiah, _d1839-1905 |
|
| 245 | 1 | 4 |
_aThe Log School-House on the Columbia _h[electronic resource] / _cHezekiah Butterworth |
| 260 |
_bProject Gutenberg, _c2005 |
||
| 506 | _aPublic domain in the USA. | ||
| 516 | _aElectronic text | ||
| 653 | _aChildren -- Conduct of life -- Fiction | ||
| 653 | _aIndians of North America -- Fiction | ||
| 653 | _aVoyages and travels -- Fiction | ||
| 653 | _aNorthwest boundary of the United States -- Fiction | ||
| 653 | _aFrontier and pioneer life -- Oregon -- Fiction | ||
| 653 | _aNatural history -- Fiction | ||
| 653 | _aConduct of life -- Fiction | ||
| 653 | _aOregon Territory -- History -- Fiction | ||
| 653 | _aMountains -- Fiction | ||
| 830 | 0 |
_aProject Gutenberg _v14881 |
|
| 856 | 4 | 0 | _uhttp://www.gutenberg.org/ebooks/14881 |
| 942 | _cEB | ||
| 999 |
_c244136 _d244136 |
||